NLSUI OPAC header image

Panchayati Raj Institutions and rural development : (Record no. 112393)

MARC details
000 -LEADER
fixed length control field 02640cam a22003137i 4500
001 - CONTROL NUMBER
control field 15484036
003 - CONTROL NUMBER IDENTIFIER
control field OSt
005 - DATE AND TIME OF LATEST TRANSACTION
control field 20260213052632.0
008 - FIXED-LENGTH DATA ELEMENTS--GENERAL INFORMATION
fixed length control field 081014s2008 ii a b 001 0 eng d
010 ## - LIBRARY OF CONGRESS CONTROL NUMBER
LC control number 2008471769
020 ## - INTERNATIONAL STANDARD BOOK NUMBER
International Standard Book Number 9788131601075
035 ## - SYSTEM CONTROL NUMBER
System control number (OCoLC)ocn271446147
040 ## - CATALOGING SOURCE
Original cataloging agency AU@
Language of cataloging eng
Transcribing agency AU@
Modifying agency DKAGE
-- OCLCQ
-- YOU
-- U3G
-- BTCTA
-- BAKER
-- BWX
-- YDXCP
-- OCLCF
-- OCLCQ
-- OCLCO
-- DLC
042 ## - AUTHENTICATION CODE
Authentication code lccopycat
043 ## - GEOGRAPHIC AREA CODE
Geographic area code a-ii---
082 04 - DEWEY DECIMAL CLASSIFICATION NUMBER
Classification number 320.8 BAR
245 00 - TITLE STATEMENT
Title Panchayati Raj Institutions and rural development :
Remainder of title narratives on inclusion of excluded /
Statement of responsibility, etc. edited by Bishnu C. Barik and Umesh C. Sahoo
264 #1 - PRODUCTION, PUBLICATION, DISTRIBUTION, MANUFACTURE, AND COPYRIGHT NOTICE
Place of production, publication, distribution, manufacture Jaipur :
Name of producer, publisher, distributor, manufacturer Rawat Publications,
Date of production, publication, distribution, manufacture, or copyright notice 2008.
300 ## - PHYSICAL DESCRIPTION
Extent xii, 290 p. :
Other physical details ill. ;
Dimensions 23 cm.
505 ## - Contents
Contents 1. Introduction Panchayati Raj Institutions and rural development contextualizing the discourse/B.C. Barik, Santosh Kumar, and U.C. Sahoo. <br/>2. Including the excluded: empowering the powerless case studies of Panchayati Raj in Maharashtra/B.S. Baviskar. <br/>3. Representative and participatory democracy indigenization of Indian democracy/Partha Nath Mukherji. <br/>4. Empowerment of Scheduled Castes and Women: A Study of Three Villages in Kolhapur District/R.B. Patil. <br/>5. Factors influencing women's participation in Panchayati Raj Institutions/Archana Kamble (Jagatkar) and Sarjerao Salunkhe.<br/>6. Can the modern and the traditional Panchayats coexist in Schedule V areas? /R. Siva Prasad. 7. Decentralization, Panchayati Raj, and the rights of marginalized groups in India: a case for civil society/Gaurang R. Sahay. <br/>8. Development through people's empowerment lessons from Rural Maharashtra/B.B. Mohanty. 9. Empowerment of PRI representatives framework and realities/Aureliano Fernandes. <br/>10. Functioning of Panchayati Raj in Scheduled Areas of Gujarat/Satyakam Joshi. <br/>11. Impact of positive discrimination on leadership of marginalized sections in rural governance: some concerns/Santosh Kumar. <br/>12. New Panchayat Raj system in India as an agency of the bottom-up approach to rural development: a review/Kunj Bihari Nayak. <br/>13. Representing village state rural development and the villager/Manish Thakur. <br/>14. Inter-associational conflicts and cooperation implications for development: a case study of two villages in Karnataka/Ozmond Roshan D'Souza. <br/>Index<br/>
650 #0 - SUBJECT ADDED ENTRY--TOPICAL TERM
Topical term or geographic name entry element Panchayat
Geographic subdivision India.
650 #0 - SUBJECT ADDED ENTRY--TOPICAL TERM
Topical term or geographic name entry element Rural development
Geographic subdivision India.
700 1# - ADDED ENTRY--PERSONAL NAME
Personal name Barik, Bishnu C.
700 1# - ADDED ENTRY--PERSONAL NAME
Personal name Sahoo, U. C.
906 ## - LOCAL DATA ELEMENT F, LDF (RLIN)
a 7
b cbc
c copycat
d 2
e ncip
f 20
g y-gencatlg
942 ## - ADDED ENTRY ELEMENTS (KOHA)
Source of classification or shelving scheme Dewey Decimal Classification
Koha item type BOOKs
Holdings
Withdrawn status Lost status Source of classification or shelving scheme Materials specified (bound volume or other part) Damaged status Not for loan Home library Current library Shelving location Date acquired Source of acquisition Cost, normal purchase price Total Checkouts Full call number Barcode Date last seen Price effective from Koha item type
    Dewey Decimal Classification HB     NLS NLS   20/12/2017 Purchased 750.00   307.720954 BAR 35759 20/12/2018 20/12/2018 BOOKs